Gestin̤ de proyectos con enfoque PMI al usar project y excel

Detalles Bibliográficos
Autor principal: Toro Lp̤ez, Francisco J.
Formato: eBook
Lenguaje:español
Colección:Ciencias administrativas. Administracin̤
Materias:
Acceso en línea:Acceso restringido

MARC

LEADER 00000nam a22000007a 4500
005 20120323142727.0
007 cr|||| ||||
008 120323s2011 co |||||s|||| 00||0 spa d
020 |a 978-958-648-701-6 
035 |a 6237 
040 |a vLex 
090 |c 3081  |d 3081 
100 1 |a Toro Lp̤ez, Francisco J. 
245 1 0 |a Gestin̤ de proyectos con enfoque PMI al usar project y excel  |h [Recurso electrn̤ico] /  |c Francisco J. Toro Lp̤ez 
256 |a Servicio en ln̕ea 
300 |a 1 recurso electrn̤ico 
490 0 |a Ciencias administrativas. Administracin̤ 
500 |a La intencin̤ de esta obra es facilitar el manejo de proyectos de muy diversa complejidad, en todas las fases desde su planeacin̤, asignacin̤ y anl̀isis de los recursos necesarios, sus costos y cargas de trabajo y la ejecucin̤ de las tareas en aras de cumplir sus objetivos, mediante el uso de herramientas computarizadas de la compaįa Microsoft. El libro est ̀principalmente dirigido a aquellas personas que, como administradores o asistentes de proyectos, requieran planear, programar y manejar la informacin̤ particular y general de šte, de una manera mas funcional y eficiente. 
506 1 |a Contenido solo disponible en los productos indicados  |d vLex Global   |d vLex Global (Academic Edition, excluding Law Schools)   |d vLex Global (U.S. Academic Edition, Law Schools)   |d vLex Global (U.S. Academic Edition, excluding Law Schools)   |d vLex Global (Academic Edition, Law Schools)  
650 0 4 |a Administracin̤ de proyectos  |z Colombia 
740 0 |a vLex Libros (Servicio en ln̕ea) 
856 4 0 |u http://vlex.com/source/gestion-proyectos-enfoque-pmi-usar-project-excel-6237  |z Acceso restringido 
942 |c BOOK 
999 0 |a Management